Music Quiz

Random Music or Clickable Quiz

Name The Leader of K-pop Boygroups Quiz Stats

Quiz not verified by Sporcle

Challenge
Share
Tweet
Embed
Score 0/60 Timer 15:00
1 Play Today
% Correct
Rap Monster
98.7%
G-Dragon
98.7%
Suho
97.4%
N
91.5%
Onew
91.5%
Taeyong
90.9%
JB
90.8%
Zico
88.9%
S.Coups
85.6%
Leeteuk
85.6%
B.I
84.3%
Doojoon
81.8%
Sunggyu
81%
Shownu
79.1%
Eunkwang
73.9%
Yongguk
73.2%
Jisung
72.7%
Jun.K
72.5%
Yonghwa
69.9%
Jinyoung
67.3%
Yunho
66.7%
C.A.P
64.7%
Jaejoong
63.6%
Hui
63.6%
Youngbin
63.6%
Seungyoon
63.4%
Eric
60.8%
Jokwon
59.5%
Jinjin
57.5%
JR
56.2%
% Correct
Jihun
54.5%
P-Goon
51.6%
St.Van
45.5%
Moos
45.5%
Seungho
45.1%
Feeldog
42.5%
Hyunjoong
41.2%
Jinhoo
40.5%
Jonghun
39.2%
Simba
36.6%
Soohyun
36.6%
Ooon
36.4%
Junhyuk
36.4%
Sungjin
35.3%
Donghyun
33.3%
Onejunn
30.1%
Seunghyub
29.4%
Minwoo
27.3%
Seo Kang Joon
27.3%
J-Hoon
27.3%
Jian
27.3%
Lee Hoo
23.5%
Sungjoo
22.2%
Gunwoo
21.6%
Seunghwan
18.2%
Jinon
17.6%
Shin
17%
Mika
17%
Kiggen
15%
Taewoong
13.7%

You're not logged in!

Compare scores with friends on all Sporcle quizzes.
Sign Up with Email
OR
Log In

You Might Also Like...

Show Comments

Extras

Top Quizzes Today


Score Distribution

Your Account Isn't Verified!

In order to create a playlist on Sporcle, you need to verify the email address you used during registration. Go to your Sporcle Settings to finish the process.